Cities by Clues - Statistics

General Stats
  • This quiz has been taken 292 times
  • The average score is 5 of 15
Answer Stats
Hint Answer % Correct
It is located on an island It includes many other islands It is a capital and a largest city Jakarta
59%
It was home to one of the Wonders of the Ancient World It is located in Africa It borders the Mediterranean Sea Alexandria
54%
It is located on an island It borders two oceans It has a population of 5.4 million Singapore
51%
It is landlocked It is the most populous on it's continent It is a capital Moscow
48%
It is landlocked It is located in the Middle East It is a capital Riyadh
44%
It is capital of an ancient empire It is a modern day capital It is the largest city in the country Rome
43%
It is located near the edge of another continent The average temperature is 90 degrees Fahrenheit It borders the Pacific Ocean Panama City
24%
It means Abode of Peace It borders the Indian Ocean It is the largest city in it's country Dar es Salaam
21%
It is located in Asia The elevation is just under 12,000 ft It is a capital of a region Lhasa
19%
It is located on a Peninsula It is very close to the border of another country It is landlocked Seoul
19%
It is located on a peninsula It is located in Europe It is located on a lake Stockholm
19%
It is a French speaking city It is located on an Island It has a population of 1.65 Million Montreal
18%
It is located on an island It is one word It is a capital Reykjavik
17%
It is located on a peninsula The average temperature is 68 degrees Fahrenheit It has a population of about 500,000 Miami
12%
It borders the Indian Ocean It is located on a country with no land borders It is the capital of a state Perth
11%
No matching quizzes found
Score Distribution
Percent of People with Each Score
Percentile by Number Answered
Your Score History
You have not taken this quiz